History Quiz

Random History or Clickable Quiz

Effects of the Great Depresion Quiz Stats

 Plays Quiz not verified by Sporcle

Score 0/10 Timer 01:00
0 Plays Today
% Correct
shantytown
97.1%
Hoover
94.3%
30,000
94.3%
puts a tax on imported goods
80%
Whit solders got jobs before them
80%
80%
Effected more Americans
77.1%
led to increase of violence towards them
77.1%
3hunah
71.4%
Jobs where taken from them
68.6%

You're not logged in!

Compare scores with friends on all Sporcle quizzes.
OR
Log In

Show Comments

Extras

Created Mar 12, 2014ReportNominate
Tags:Clickable Quiz, effect

Top Quizzes Today


Score Distribution

Your Account Isn't Verified!

In order to create a playlist on Sporcle, you need to verify the email address you used during registration. Go to your Sporcle Settings to finish the process.

Report this User

Report this user for behavior that violates our Community Guidelines.

Details: